BSOP header

Ang Kalamidad noong panahon ng Japon sa Filipinas 1942-1945 / (Record no. 45409)

MARC details
000 -LEADER
fixed length control field 00717nam a22002177a 4500
005 - DATE AND TIME OF LATEST TRANSACTION
control field 20190218101132.0
008 - FIXED-LENGTH DATA ELEMENTS--GENERAL INFORMATION
fixed length control field 190218b ||||| |||| 00| 0 eng d
020 ## - INTERNATIONAL STANDARD BOOK NUMBER
International Standard Book Number 9786218064447
100 1# - MAIN ENTRY--PERSONAL NAME
Personal name Sarmiento, Roman R., Jr., II.
245 14 - TITLE STATEMENT
Title Ang Kalamidad noong panahon ng Japon sa Filipinas 1942-1945 /
Statement of responsibility, etc Roman R. Sarmiento Jr., II.
260 ## - PUBLICATION, DISTRIBUTION, ETC. (IMPRINT)
Place of publication, distribution, etc Manila :
Name of publisher, distributor, etc Komisyon ng Wikang Filipino,
Date of publication, distribution, etc 2017.
300 ## - PHYSICAL DESCRIPTION
Extent 97 p.
Other physical details illustrations.
336 ## - CONTENT TYPE
Content Type Term text
337 ## - MEDIA TYPE
Media Type Term unmediated
338 ## - CARRIER TYPE
Carrier Type Term volume
504 ## - BIBLIOGRAPHY, ETC. NOTE
Bibliography, etc Bibliography: p.86.
650 ## - SUBJECT ADDED ENTRY--TOPICAL TERM
Source of heading or term Disasters.
General subdivision History.
Chronological subdivision 1942-1945.
Geographic subdivision Philippines.
650 ## - SUBJECT ADDED ENTRY--TOPICAL TERM
Source of heading or term Emergency Management.
Geographic subdivision Philippines.
651 ## - SUBJECT ADDED ENTRY--GEOGRAPHIC NAME
Geographic name Philippines.
General subdivision History.
Chronological subdivision 1942-1945.
942 ## - ADDED ENTRY ELEMENTS (KOHA)
Source of classification or shelving scheme Library of Congress Classification
Item type Books
Holdings
Withdrawn status Lost status Source of classification or shelving scheme Damaged status Not for loan Home library Current library Shelving location Date acquired Source of acquisition Cost, normal purchase price Inventory number Total Checkouts Full call number Barcode Date last seen Price effective from Koha item type
    Library of Congress Classification     BSOP Library BSOP Library Filipiniana 02/18/2019 Komisyon ng Wikang Filipino 150.00 45197   HV551.5 Sa7 2017 00056197 02/18/2019 02/18/2019 Books
BSOP

Biblical Seminary of the Philippines
  All rights Reserved
  © 2024

CONTACT INFORMATION

Biblical Seminary of the Philippines,
  77-B Karuhatan Road, Valenzuela City,
  PHILIPPINES 1441
  Phone: +632 8292-6795 / 8292-6798
  Fax : +632 8292-6675
  Email: library@bsop.edu.ph